| 000 | 00945cab a22002175a 4500 | ||
|---|---|---|---|
| 001 | L152451 | ||
| 008 | 110309e20110219xxk 000 0 eng d | ||
| 035 | _a(Sirsi) u152451 | ||
| 041 | 0 | _aeng | |
| 100 | 1 | _aClarkson, Melanie | |
| 245 | 0 | 0 |
_aFocus _bSussex |
| 260 | _c2011 | ||
| 490 |
_aEstates Gazette _v(1107) 19 February 2011, 79-87(7) |
||
| 520 | _aReports on a welcome new mixed use development in Worthing but which has potential problems with its funding. Also discusses business strategies with the directors of two Sussex property consultancies and the finance problems faced by many seaside towns including Hastings. With further details about office take ups where areas such as Brighton are improving while other areas remain a problem. | ||
| 590 | _aKA | ||
| 651 | 4 |
_aSussex _y1888- |
|
| 690 | _aPROPERTY-COMMERCIAL PROPERTY-COMMERCIAL PROPERTY MARKET | ||
| 700 | 1 | _aQuinn, David | |
| 700 | 1 | _aMeadwell, Stacey | |
| 942 | _n0 | ||
| 999 |
_c82968 _d82968 |
||